000 00663nam a2200253Ia 4500
003 OSt
005 20220918174118.0
006 a|||||r|||| 00| 0
007 ta
008 220917b |||||||| |||| 00| 0 eng d
024 _a10,434
037 _cTextual
040 _aARTS
_cARTS
_beng
041 _2eng
_aeng
082 _aQ711xD660, M8
100 _aHussain M Hadi
_949120
245 0 _aImam Abu Hanifa
_b life and works
260 _aNew Delhi
_bKitab Bhawan
_c1988
300 _a256p.
_ccm.
500 _aAppendix 223-44p
650 _aRELIGION
942 _hQ711xD660, M8
_cTEXL
_2CC
999 _c151806
_d151806